ბათუმის შოთა რუსთაველის სახელმწიფო უნივერსიტეტის ბიბლიოთეკა

Теоретическая механика в примерах и задачах.Том первый:статика и кинематика. (ბიბ.ჩანაწერი № 40407)

000 -LEADER
fixed length control field 00754nam a2200217Ia 4500
001 - CONTROL NUMBER
control field 7015
003 - CONTROL NUMBER IDENTIFIER
control field GE_BSU
008 - FIXED-LENGTH DATA ELEMENTS--GENERAL INFORMATION
fixed length control field 181216s||||||||xx |||||||||||||| ||und||
040 ## - CATALOGING SOURCE
Transcribing agency GE_BSU
080 ## - UNIVERSAL DECIMAL CLASSIFICATION NUMBER
Universal Decimal Classification number 531.1/2(075.8)
100 ## - MAIN ENTRY--PERSONAL NAME
Personal name Бать,М.И. Джанелидзе,Г.Ю.
245 ## - TITLE STATEMENT
Title Теоретическая механика в примерах и задачах.Том первый:статика и кинематика.
245 ## - TITLE STATEMENT
Remainder of title Учебное пособие.
250 ## - EDITION STATEMENT
Edition statement Изд. второе, исправл.
260 ## - PUBLICATION, DISTRIBUTION, ETC.
Place of publication, distribution, etc. М.
260 ## - PUBLICATION, DISTRIBUTION, ETC.
Name of publisher, distributor, etc. Физматгиз.
260 ## - PUBLICATION, DISTRIBUTION, ETC.
Date of publication, distribution, etc. 1963.
300 ## - PHYSICAL DESCRIPTION
Extent 484стр. с илл.
653 ## - INDEX TERM--UNCONTROLLED
Uncontrolled term Теоретическая механика. Статика и кинематика.
942 ## - ADDED ENTRY ELEMENTS (KOHA)
Koha item type წიგნი
ეგზემპლარები
Withdrawn status Lost status Damaged status Not for loan Date acquired Barcode Date last seen Price effective from Koha item type
        2018-12-17 9989 2018-12-17 2018-12-17 წიგნი